000
00306nam a22001457a 4500
020
_a
81-264-0575-9
082
_a
894.812.3
_b
MAD/A
100
_a
MADHAVIKUTTY
245
_a
ANTE CHERIYA KATHAKAL
260
_a
KOTTAYAM
_b
DC BOOKS
_c
2003
300
_a
58
520
_a
NOVEL
650
_a
NOVEL
942
_c
BK
999
_c
4978
_d
4978